Statistics for Pokémon starting with a B (generation 1-7)

Click here to take the quiz!

General Stats

  • This quiz has been taken 5 times
  • The average score is 21 of 45

Answer Stats

GenPokémon% Correct
4Bonsly
100%
1Bulbasaur
100%
3Bagon
67%
3Banette
67%
5Basculin
67%
4Bastiodon
67%
5Beartic
67%
1Beedrill
67%
3Beldum
67%
2Bellossom
67%
1Bellsprout
67%
4Bibarel
67%
4Bidoof
67%
1Blastoise
67%
3Blaziken
67%
5Braviary
67%
7Brionne
67%
4Burmy
67%
3Baltoy
33%
6Barbaracle
33%
3Barboach
33%
2Bayleef
33%
3Beautifly
33%
5Beheeyem
33%
6Bergmite
33%
7Bewear
33%
6Binacle
33%
5Bisharp
33%
7Blacephalon
33%
2Blissey
33%
5Blitzle
33%
5Boldore
33%
5Bouffalant
33%
7Bounsweet
33%
6Braixen
33%
3Breloom
33%
4Bronzong
33%
4Bronzor
33%
4Budew
33%
4Buizel
33%
4Buneary
33%
6Bunnelby
33%
1Butterfree
33%
7Buzzwole
33%
7Bruxish
0%

Score Distribution

Percentile by Number Answered

Percent of People with Each Score

Your Score History

You have not taken this quiz